คำสอนในพระพุทธศาสนา (ระเบียนเลขที่ 63631)
| 000 -LEADER | |
|---|---|
| fixed length control field | 01332nam a22002777a 4500 |
| 005 - DATE AND TIME OF LATEST TRANSACTION | |
| control field | 20210325205500.0 |
| 008 - FIXED-LENGTH DATA ELEMENTS--GENERAL INFORMATION | |
| fixed length control field | s2554 th ||||| |||| 00| 0 tha d |
| 020 ## - INTERNATIONAL STANDARD BOOK NUMBER | |
| International Standard Book Number | 9789743502408 |
| 050 ## - LIBRARY OF CONGRESS CALL NUMBER | |
| Classification number | BQ4190 ผ749ค 2554 |
| 100 0# - MAIN ENTRY--PERSONAL NAME | |
| Personal name | อุทิส ศิริวรรณ, บรรณาธิการ |
| 245 10 - TITLE STATEMENT | |
| Title | คำสอนในพระพุทธศาสนา |
| 260 3# - PUBLICATION, DISTRIBUTION, ETC. | |
| Place of publication, distribution, etc. | กรุงเทพฯ : |
| Name of publisher, distributor, etc. | สมาคมผู้ทำคุณประโยชน์เพื่อพระพุทธศาสนาแห่งประเทศไทย, |
| Date of publication, distribution, etc. | 2554 |
| 300 ## - PHYSICAL DESCRIPTION | |
| Extent | 273 หน้า : |
| Other physical details | ภาพประกอบ ; |
| Dimensions | 19 ซม. |
| 610 ## - SUBJECT ADDED ENTRY--CORPORATE NAME | |
| Corporate name or jurisdiction name as entry element | สมาคมผู้ทำคุณประโยชน์เพื่อพระพุทธศาสนาแห่งประเทศไทย |
| 650 04 - SUBJECT ADDED ENTRY--TOPICAL TERM | |
| Topical term or geographic name entry element | ไตรลักษณ์ |
| 650 04 - SUBJECT ADDED ENTRY--TOPICAL TERM | |
| Topical term or geographic name entry element | ไตรสิกขา |
| 650 04 - SUBJECT ADDED ENTRY--TOPICAL TERM | |
| Topical term or geographic name entry element | อริยสัจ 4 |
| 650 04 - SUBJECT ADDED ENTRY--TOPICAL TERM | |
| Topical term or geographic name entry element | พระพุทธเจ้า |
| 650 04 - SUBJECT ADDED ENTRY--TOPICAL TERM | |
| Topical term or geographic name entry element | พุทธภาษิต |
| 650 04 - SUBJECT ADDED ENTRY--TOPICAL TERM | |
| Topical term or geographic name entry element | ธรรมะ (พุทธศาสนา) |
| 850 ## - HOLDING INSTITUTION | |
| Holding institution | NALT |
| 942 ## - ADDED ENTRY ELEMENTS (KOHA) | |
| Koha item type | General Book |
| 997 ## - | |
| -- | บ 23872 |
| 997 ## - | |
| -- | 000000000063631 |
| 998 ## - LOCAL CONTROL INFORMATION (RLIN) | |
| -- | นางสุกัญญา กัลยา |
| Withdrawn status | Lost status | Damaged status | Not for loan | Collection code | Home library | Current library | Source of acquisition | Total Checkouts | Full call number | Barcode | Date last seen | Price effective from | Koha item type |
|---|---|---|---|---|---|---|---|---|---|---|---|---|---|
| General Book collection | National Assembly Library of Thailand | National Assembly Library of Thailand | บริจาค | BQ 4190 ผ749ค 2554 | 3961184700 | 09/06/2017 | 09/06/2017 | General Book |
